| 000 | 00715nam a22002177a 4500 | ||
|---|---|---|---|
| 999 |
_c17763 _d17763 |
||
| 003 | AR-CdUCM | ||
| 008 | 190308b ||||| |||| 00| 0 spa d | ||
| 040 |
_aMUNICIPALIDAD PROVINCIAL DEL CUSCO _cBIBLIOTECA MUNICIPAL DEL CUSCO |
||
| 082 |
_a869.23 / _bEC18 _22ed |
||
| 100 |
_aEcheverría, Esteban _913928 |
||
| 245 |
_aLa cautiva : _bEl matadero / |
||
| 260 |
_aArgentina : _bKapelusz, _c1965. |
||
| 300 |
_a96 páginas ; _c16 cm. |
||
| 440 |
_aGrandes obras de la literatura universal _937794 |
||
| 505 | _aContenido: La cautiva -- El matadero. | ||
| 650 |
_aPoesías argentinas _911979 |
||
| 650 |
_aLiteratura argentina _984 |
||
| 650 |
_aSiglo XIX _9971 |
||
| 942 |
_2ddc _cLIBROS |
||
| 945 |
_adavv _d2019-05-09 |
||